Statistics for Premier League Team Nicknames

Click here to take the quiz!

General Stats

  • This quiz has been taken 61 times
  • The average score is 12 of 20

Answer Stats

HintAnswer% Correct
ArsenalThe Gunners
100%
Man. UnitedThe Red Devils
96%
Tottenham HotspurSpurs
88%
West HamThe Hammers/Irons
86%
LiverpoolThe Reds
79%
ChelseaThe Blues
74%
Swansea CityThe Swans
70%
Leicester CityThe Foxes
68%
Hull CityThe Tigers
68%
EvertonThe Toffees
65%
NewcastleThe Magpies
60%
SouthamptonThe Saints
58%
Stoke CityThe Potters
56%
SunderlandThe Black Cats
47%
West BromThe Baggies
44%
Man. CityThe Citizens
44%
BurnleyThe Clarets
39%
Aston VillaThe Villains
39%
Crystal PalaceThe Eagles
37%
QPRThe Hoops
26%

Score Distribution

Percentile by Number Answered

Percent of People with Each Score

Your Score History

You have not taken this quiz